000 00854nam a2200265Ia 4500
003 OSt
005 20221005110344.0
006 a|||||r|||| 00| 0
007 ta
008 221004b |||||||| |||| 00| 0 hin d
020 _a8170165172 (hbk)
024 _a26446
037 _bGift, 05/05/2016,
_cTextual
040 _aCRL
_cCRL
_bhin
041 _2hin
_ahin
082 _aO495,1x, 152P2
100 _aपद्मा सचदेव
245 0 _aअक्खर कुंड
246 _aAkkhar kuanḍa
260 _aनई दिल्ली
_bकिताबघर प्रकाशन भारत
_c2002
300 _a125पृ0
_ccm.
650 _aहिन्दी साहित्य
942 _hO495,1x, 152P2
_cTEXL
_2cc
999 _c1018562
_d1018562